Zelená ekonomika a zelené pracovné miesta pre udržateľnú budúcnosť

Salvato in:
Dettagli Bibliografici
Autore principale: Klimko, Roman, 1985-
Ente Autore: Ekonomická univerzita v Bratislave. Národohospodárska fakulta
Altri autori: Rievajová, Eva, Lorencová, Dominika, Barák, Vladimír
Natura: Libro
Lingua:slovacco
Pubblicazione: Bratislava Vydavateľstvo EKONÓM 2023
Edizione:1. vydanie
Soggetti:
Tags: Aggiungi Tag
Nessun Tag, puoi essere il primo ad aggiungerne!!

MARC

LEADER 00000nam a2200000 4500
001 0297364
005 20250924092128.3
020 |a 978-80-225-5093-2 
020 |a 978-80-225-5092-5 
041 0 |a slo 
044 |a SK 
245 1 0 |a Zelená ekonomika a zelené pracovné miesta pre udržateľnú budúcnosť  |c Roman Klimko ; recenzenti: Eva Rievajová, Dominika Lorencová, Vladimír Barák 
250 |a 1. vydanie 
264 1 |a Bratislava  |b Vydavateľstvo EKONÓM  |c 2023 
300 |a 72 s. [4,41 AH] 
610 2 0 |a ekonomika zelená 
610 2 0 |a rozvoj trvalo udržateľný 
610 2 0 |a udržateľnosť 
610 2 0 |a miesta pracovné 
610 2 0 |a miesta pracovné zelené 
610 2 0 |a zamestnanosť 
610 2 0 |a Európska zelená dohoda 
610 2 0 |a transformácia 
100 1 |a Klimko, Roman, 1985- 
700 1 |a Rievajová, Eva 
700 1 |a Lorencová, Dominika 
700 1 |a Barák, Vladimír 
710 2 |a Ekonomická univerzita v Bratislave. Národohospodárska fakulta